000 00328nam a22001337a 4500
008 171027b xxu||||| |||| 00| 0 eng d
020 _a9780321017543
041 _aeng
080 _25TH
_a336
100 _a56
101 _aFIN
245 _aTHE ECONOMICS OF MONEY,BANKING, AND FINANCIAL MARKETS
_cEATON,J,W
942 _2udc
_cBK
999 _c36135
_d36135